000
00301nam a2200121Ia 4500
008
220204s9999 xx 000 0 und d
082
_a
54-16
_b
BAM
245
0
_a
Reactions in the solid state
260
_a
Amsterdam
_b
Elsevier
_c
1980
700
_a
Bamford, C H
700
_a
Tipper, C F H
942
_c
BK
999
_c
35407
_d
35407